The global forest health crises : a public good social dilemma in need of international collective action (Registro nro. 236)
[ vista simple ]
| 000 -LEADER | |
|---|---|
| fixed length control field | 01050nab a22003017a 4500 |
| 001 - CONTROL NUMBER | |
| control field | 236 |
| 005 - DATE AND TIME OF LATEST TRANSACTION | |
| control field | 20251119110702.0 |
| 006 - FIXED-LENGTH DATA ELEMENTS--ADDITIONAL MATERIAL CHARACTERISTICS | |
| fixed length control field | a|||||r|||| 00| 0 |
| 007 - PHYSICAL DESCRIPTION FIXED FIELD--GENERAL INFORMATION | |
| fixed length control field | c| aa aaaaa |
| 008 - FIXED-LENGTH DATA ELEMENTS--GENERAL INFORMATION | |
| fixed length control field | 250218b |||||||| |||| 00| 0 eng d |
| 040 ## - Fuente de catalogación | |
| Agencia de catalogación original | AR-EsCIE |
| Transcribing agency | AR-EsCIE |
| 245 14 - TITLE STATEMENT | |
| Title | The global forest health crises : a public good social dilemma in need of international collective action |
| 650 #4 - SUBJECT ADDED ENTRY--TOPICAL TERM | |
| Topical term or geographic name entry element | ENFERMEDADES DE LAS PLANTAS |
| 9 (RLIN) | 176 |
| 700 1# - ADDED ENTRY--PERSONAL NAME | |
| Personal name | Williams, Geoffrey |
| 9 (RLIN) | 405 |
| 700 1# - ADDED ENTRY--PERSONAL NAME | |
| Personal name | Ginzel, Matthew D. |
| 9 (RLIN) | 480 |
| 700 1# - ADDED ENTRY--PERSONAL NAME | |
| Personal name | Lovett, Gary M. |
| 9 (RLIN) | 484 |
| 700 1# - ADDED ENTRY--PERSONAL NAME | |
| Personal name | Pildain, María Belén, |
| Dates associated with a name | 1972- |
| 9 (RLIN) | 22 |
| 700 1# - ADDED ENTRY--PERSONAL NAME | |
| Personal name | Raffa, Kenneth F. |
| 9 (RLIN) | 493 |
| 700 1# - ADDED ENTRY--PERSONAL NAME | |
| Personal name | Gandhi, Kamal J. K. |
| 9 (RLIN) | 494 |
| 700 1# - ADDED ENTRY--PERSONAL NAME | |
| Personal name | Santini, Alberto |
| 9 (RLIN) | 495 |
| 700 1# - ADDED ENTRY--PERSONAL NAME | |
| Personal name | Sniezko, Richard A. |
| 9 (RLIN) | 496 |
| 700 1# - ADDED ENTRY--PERSONAL NAME | |
| Personal name | Wingfield, Michael J. |
| 9 (RLIN) | 497 |
| 700 1# - ADDED ENTRY--PERSONAL NAME | |
| Personal name | Bonello, Pierlugi |
| 9 (RLIN) | 498 |
| 773 ## - HOST ITEM ENTRY | |
| Parte(s) relacionada(s) | Vol. 61 (2023) p. 377-401 |
| Título | Annual review of phytopathology |
| 856 ## - ELECTRONIC LOCATION AND ACCESS | |
| Uniform Resource Identifier | <a href="https://www.annualreviews.org/content/journals/10.1146/annurev-phyto-021722-024626">https://www.annualreviews.org/content/journals/10.1146/annurev-phyto-021722-024626</a> |
| 910 ## - Datos del catalogador | |
| User-option data | PG20250219 |
| 942 ## - ADDED ENTRY ELEMENTS (KOHA) | |
| Source of classification or shelving scheme | Dewey Decimal Classification |
| Koha item type | Recurso electrónico |
| Suppress in OPAC | No |
| Withdrawn status | Lost status | Source of classification or shelving scheme | Damaged status | Not for loan | Home library | Current library | Date acquired | Total checkouts | Date last seen | Price effective from | Koha item type |
|---|---|---|---|---|---|---|---|---|---|---|---|
| Dewey Decimal Classification | CIEFAP | CIEFAP | 02/18/2025 | 02/18/2025 | 02/18/2025 | Recurso electrónico |
